Uluslararası Çalışma Örgütü (UÇÖ-ILO)ax (Record no. 8058)

MARC details
000 -BAŞLIK
Sabit Uzunlukta Kontrol Alanı 00912na a2200277 4500
001 - KONTROL NUMARASI
Denetim Alanı 23264
003 - KONTROL NUMARASI IDENTIFIER
Denetim Alanı MIRAKIL
005 - SON İŞLEM TARİHİ VE ZAMANI
Denetim Alanı 20181213155158.0
008 - SABİT-BOY VERİ ELEMANLARI - GENEL BİLGİLER
Sabit Uzunlukta Kontrol Alanı 170822b tu 000 0
035 ## - SİSTEM KONTROL NUMARASI
Sistem Kontrol Numarası 18606
040 ## - KATALOGLAMA KAYNAK
Orijinal Kataloglama Ajansı Milas
Kataloglama Dili tur
Metne Dönüştürmek Ajansı TR-AnCHP
041 ## - DİL KODU
Metin / Ses Parça Veya Ayrı Başlığın Dil Kodu tur
082 ## - DEWEY ONLU SINIFLANDIRMA NUMARASI
Sınıflandırma Numarası 331.06
Ürün Numarası A73u [t.y]
090 ## - SINIFLAMA NUMARASI
Sınıflama Numarası 331.06 A73u [t.y.]
100 ## - ANA GİRİŞ - KİŞİSEL İSİM
Kişisel Ad Ateşoğulları, Kamil
245 ## - BAŞLIK TABLOSU
Başlık Uluslararası Çalışma Örgütü (UÇÖ-ILO)ax
Başlığın Kalan Türkiye ilişkileri
-- Belgeler
Sorumluluk Tablosu, Vb Kamil Ateşoğulları
260 ## - YAYIN, DAĞITIM, VB
Yayın, Dağıtım, Vb Yeri [y.y.]
Yayıncı, Dağıtıcı, Vs Adı Sosyal-iş sendikası
Yayın, Dağıtım, Vb Tarihi [t.y.]
300 ## - FİZİKSEL TANIM
Kapsam 162 s.
Boyutlar 15 sm.
440 ## - SERİSİ TABLOSU / KATMA GİRİŞİ - BAŞLIK
Başlık Eğitim yayınları
Hacim / Ardışık Tanımı 2
504 ## - KAYNAKÇA VB NOT
Kaynakça Vb Notu Kaynakça var.
610 ## - KONU KATMA GİRİŞ - TOPLANTI ADI
Giriş Elemanı Olarak Kurumsal Ad Veya Yargı Alanı Adı Uluslararası Çalışma Örgütü
Genel Alt Bölüm Çalışmalar
Coğrafi Alt Bölüm Türkiye
610 ## - KONU KATMA GİRİŞ - TOPLANTI ADI
Giriş Elemanı Olarak Kurumsal Ad Veya Yargı Alanı Adı ILO (Uluslararası Çalışma Örgütü)
Genel Alt Bölüm Türkiye ilişkileri
650 ## - KONU KATMA GİRİŞ - TOPİKAL DÖNEM
Topikal Süreli Veya Coğrafi Ad Giriş Elemanı Emek ekonomisi
Genel Alt Bölümü Kuruluşlar
710 ## - KATMA GİRİŞ - KURUMSAL ADI
Giriş Elemanı Olarak Kurumsal Ad Veya Yargı Alanı Adı Uluslararası çalışma örgütü
942 ## - EKLENDİ GİRİŞ ELEMANLARI (KOHA)
Sınıflandırma Veya Raf Düzeni Kaynak Dewey Decimal Classification
Koha Öğesi Türü Books
999 ## - SİSTEM KONTROL NUMARALARI (KOHA)
Koha Biblionumber 8058
Koha Biblioitemnumber 8058
Holdings
Kalıcı Konum Mevcut Konum Edinme Tarihi Edinim Kaynak Toplam Check-Out'Lar Tam Çağrı Numarası Barkod Tarih Son Görülme İtibaren Geçerli Fiyatlar Koha Öğesi Türü
CHP Kütüphanesi CHP Kütüphanesi 08/22/2017 Bağış   331.06 A73u [t.y.] 017249 08/22/2017 08/22/2017 Books